| 000 | 01493ncm0a2200349 4500 | ||
|---|---|---|---|
| 001 | RU\NLR\ONIZ\215089 | ||
| 005 | 20250626034901.0 | ||
| 021 |
_aRU _b03-112 _903-5 |
||
| 035 | _aRU\NLR\ONIZ\natafirs\5000001154\20161018105634 | ||
| 035 | _a(NLR Aleph) 011273656 | ||
| 090 |
_a10832565 _c10832565 |
||
| 100 | _a20161018d2003 |||y0rusy50 ca | ||
| 101 | 0 | _arus | |
| 102 | _aRU | ||
| 125 | _azb | ||
| 200 | 1 |
_aМалыш и итальянская опера _bНоты _eоблегч. перелож. для фп. в 4 руки _fсост. и перелож. Е. Юмаевой |
|
| 210 |
_aСанкт-Петербург _cСоюз художников _d2003 |
||
| 215 |
_a25 с. _cфото _d30 см |
||
| 327 | 1 | _aАвт.: В. Беллини; Д. Верди; Г. Доницетти; Р. Леонкавалло; П. Масканьи; Д. Б. Перголези; Д. Пуччини; Д. Россини | |
| 606 | 1 |
_aПереложения для фортепиано в 4 руки (для мл. возраста) _jНоты _2nlr_sh |
|
| 686 |
_aЩ985.242(4Ит)я43 _vLBC/SL _2rubbk |
||
| 700 | 1 |
_9z02790 _aЮмаева _bЕ. А. _4220 _4030 _7ca |
|
| 790 | 1 |
_9z02700 _aJumaeva _bE. A. _4220 _4030 _7ba |
|
| 801 | 0 |
_aRU _bNLR _c20161018 _gPSBO |
|
| 801 | 1 |
_aRU _bNLR _c20161018 _2rusmarc |
|
| 801 | 2 |
_aRU _bNLR _c20190630 |
|
| 852 |
_aNLR _bМ _jК-3/24517 _pМОЭ 2003-5/112 _t1 |
||
| 852 |
_aNLR _bМ _jК-3/24517а _pМОЭ 2003-5/112а _t2 |
||
| 942 | _cSCORE | ||
| 980 | _aNB | ||
| 980 | _aONIZ | ||